Eurovision 2026 - Statistics

General Stats
  • This quiz has been taken 59 times
    48 since last reset
  • The average score is 31 of 35
Answer Stats
Country % Correct
Albania
97%
Armenia
97%
Austria
95%
Azerbaijan
95%
Bulgaria
95%
Finland
95%
United Kingdom
95%
Australia
92%
Croatia
92%
Germany
92%
Norway
92%
Belgium
89%
Denmark
89%
France
89%
Georgia
89%
Greece
89%
Italy
89%
Ukraine
89%
Cyprus
86%
Estonia
86%
Latvia
86%
Lithuania
86%
Luxembourg
86%
Moldova
86%
Portugal
86%
Serbia
86%
Sweden
86%
Israel
84%
Montenegro
84%
Czechia
81%
Malta
81%
Poland
81%
Romania
81%
Switzerland
81%
San Marino
76%
No matching quizzes found
Score Distribution
Percent of People with Each Score
Percentile by Number Answered
Your Score History
You have not taken this quiz since the last reset